UEFA Champions League 2021-22 Round of 16 Starting XI - Statistics

General Stats
  • This quiz has been taken 2,897 times
  • The average score is 113 of 176
Answer Stats
Team Player % Correct
Paris Saint-Germain Gianluigi Donnarumma
99%
Paris Saint-Germain Achraf Hakimi
98%
Paris Saint-Germain Kylian Mbappé
97%
Real Madrid Thibaut Courtois
97%
Real Madrid David Alaba
96%
Real Madrid Karim Benzema
96%
Real Madrid Luka Modrić
96%
Paris Saint-Germain Marquinhos
96%
Real Madrid Toni Kroos
96%
Manchester City Bernardo Silva
95%
Real Madrid Casemiro
95%
Chelsea Édouard Mendy
95%
Real Madrid Ferland Mendy
95%
Paris Saint-Germain Lionel Messi
95%
Paris Saint-Germain Marco Verratti
95%
Real Madrid Vinícius Júnior
95%
Liverpool Alisson
94%
Paris Saint-Germain Ángel Di María
94%
Real Madrid Dani Carvajal
94%
Manchester City Ederson
94%
Manchester City Kevin De Bruyne
94%
Liverpool Mohamed Salah
94%
Manchester City Riyad Mahrez
94%
Liverpool Sadio Mané
94%
Chelsea Thiago Silva
94%
Liverpool Virgil van Dijk
94%
Liverpool Andrew Robertson
93%
Real Madrid Éder Militão
93%
Manchester City Rúben Dias
93%
Liverpool Trent Alexander-Arnold
93%
Benfica Rafa Silva
92%
Manchester City Rodri
91%
Liverpool Diogo Jota
90%
Inter Milan Edin Džeko
90%
Liverpool Fabinho
90%
Atletico Madrid Jan Oblak
90%
Manchester City João Cancelo
90%
Inter Milan Lautaro Martínez
90%
Paris Saint-Germain Presnel Kimpembe
90%
Bayern Munich Robert Lewandowski
90%
Liverpool Thiago Alcântara
90%
Manchester United David de Gea
89%
Manchester City Phil Foden
89%
Chelsea Christian Pulisic
88%
Manchester United Cristiano Ronaldo
87%
Liverpool Ibrahima Konaté
87%
Real Madrid Marco Asensio
87%
Manchester City Raheem Sterling
87%
Inter Milan Samir Handanović
87%
Manchester City Aymeric Laporte
86%
Manchester United Bruno Fernandes
86%
Chelsea Kai Havertz
86%
AFC Ajax Lisandro Martínez
86%
Chelsea Mateo Kovačić
86%
Paris Saint-Germain Nuno Mendes
86%
Chelsea Antonio Rüdiger
85%
Manchester City John Stones
85%
Bayern Munich Joshua Kimmich
85%
Chelsea N'Golo Kanté
85%
Bayern Munich Thomas Müller
85%
Chelsea Andreas Christensen
84%
Inter Milan Arturo Vidal
84%
Chelsea César Azpilicueta
84%
Paris Saint-Germain Danilo Pereira
84%
Chelsea Hakim Ziyech
84%
Red Bull Salzburg Rasmus Kristensen
84%
Manchester United Raphaël Varane
83%
Manchester United Victor Lindelöf
83%
Bayern Munich Benjamin Pavard
82%
Manchester United Harry Maguire
82%
Bayern Munich Leroy Sané
82%
Juventus Matthijs de Ligt
82%
Juventus Dušan Vlahović
81%
Bayern Munich Kingsley Coman
81%
Paris Saint-Germain Leandro Paredes
81%
Manchester United Luke Shaw
81%
Inter Milan Milan Škriniar
81%
Manchester United Paul Pogba
81%
Juventus Juan Cuadrado
80%
Inter Milan Stefan de Vrij
80%
Atletico Madrid João Félix
79%
Manchester United Marcus Rashford
79%
Atletico Madrid Stefan Savić
79%
Manchester United Fred
78%
Inter Milan Hakan Çalhanoğlu
78%
Inter Milan Marcelo Brozović
78%
Inter Milan Denzel Dumfries
77%
Bayern Munich Serge Gnabry
77%
Juventus Álvaro Morata
76%
Lille Jonathan David
76%
Atletico Madrid José Giménez
76%
Juventus Weston McKennie
76%
Chelsea Marcos Alonso
75%
Juventus Alex Sandro
73%
Bayern Munich Lucas Hernandez
73%
Bayern Munich Niklas Süle
73%
Juventus Wojciech Szczęsny
73%
Juventus Danilo
72%
AFC Ajax Dušan Tadić
71%
Juventus Adrien Rabiot
70%
Atletico Madrid Geoffrey Kondogbia
70%
Bayern Munich Sven Ulreich
68%
Atletico Madrid Ángel Correa
67%
Inter Milan Alessandro Bastoni
66%
Bayern Munich Corentin Tolisso
65%
Inter Milan Ivan Perišić
63%
Benfica Darwin Núñez
62%
Manchester United Jadon Sancho
62%
AFC Ajax Sébastien Haller
62%
Villarreal Gerónimo Rulli
61%
AFC Ajax Antony
60%
AFC Ajax Noussair Mazraoui
58%
Atletico Madrid Héctor Herrera
56%
AFC Ajax Edson Álvarez
52%
Liverpool Harvey Elliott
52%
Benfica Nicolás Otamendi
52%
Villarreal Dani Parejo
50%
Atletico Madrid Reinildo Mandava
50%
Atletico Madrid Marcos Llorente
49%
Villarreal Alberto Moreno
48%
Villarreal Arnaut Groeneveld
47%
Benfica Jan Vertonghen
47%
Juventus Manuel Locatelli
47%
Benfica Odysseas Vlachodimos
47%
Sporting CP Sebastián Coates
46%
AFC Ajax Daley Blind
45%
Villarreal Pau Torres
45%
Villarreal Raúl Albiol
43%
Lille José Fonte
42%
Lille Renato Sanches
42%
Atletico Madrid Šime Vrsaljko
41%
Sporting CP Antonio Adán
40%
Benfica Gonçalo Ramos
39%
Villarreal Juan Foyth
39%
Benfica Álex Grimaldo
38%
Villarreal Étienne Capoue
37%
Red Bull Salzburg Karim Adeyemi
36%
Lille Sven Botman
36%
Juventus Mattia De Sciglio
35%
Atletico Madrid Renan Lodi
35%
Lille Zeki Çelik
35%
Villarreal Samuel Chukwueze
34%
Sporting CP Pedro Porro
33%
AFC Ajax Jurriën Timber
32%
Benfica Julian Weigl
31%
Lille Jonathan Bamba
30%
AFC Ajax Ryan Gravenberch
28%
Lille Amadou Onana
26%
Lille Benjamin André
26%
Red Bull Salzburg Noah Okafor
26%
Villarreal Giovani Lo Celso
25%
Sporting CP Pedro Gonçalves
25%
AFC Ajax Remko Pasveer
25%
Benfica Adel Taarabt
24%
Sporting CP Pablo Sarabia
22%
Red Bull Salzburg Brenden Aaronson
21%
Sporting CP Gonçalo Inácio
21%
Sporting CP Matheus Nunes
18%
AFC Ajax Steven Berghuis
18%
Lille Xeka
17%
Lille Tiago Djaló
15%
Villarreal Alfonso Pedraza
14%
Sporting CP João Palhinha
14%
Lille Léo Jardim
14%
Red Bull Salzburg Mohamed Camara
12%
Benfica Everton
11%
Red Bull Salzburg Maximilian Wöber
11%
Red Bull Salzburg Oumar Solet
11%
Sporting CP Paulinho
11%
Red Bull Salzburg Andreas Ulmer
8%
Benfica Gilberto
8%
Sporting CP Matheus Reis
8%
Red Bull Salzburg Philipp Köhn
8%
Red Bull Salzburg Nicolas Seiwald
7%
Red Bull Salzburg Nicolás Capaldo
5%
Sporting CP Ricardo Esgaio
4%
No matching quizzes found
Score Distribution
Percent of People with Each Score
Percentile by Number Answered
Your Score History
You have not taken this quiz